<?xml version="1.0" encoding="UTF-8"?>
<record
    xmlns:xsi="http://www.w3.org/2001/XMLSchema-instance"
    xsi:schemaLocation="http://www.loc.gov/MARC21/slim http://www.loc.gov/standards/marcxml/schema/MARC21slim.xsd"
    xmlns="http://www.loc.gov/MARC21/slim">

  <leader>01079nam0a22002531  4500</leader>
  <controlfield tag="001">rc\2802527</controlfield>
  <controlfield tag="005">20250529175120.0</controlfield>
  <datafield tag="035" ind1=" " ind2=" ">
    <subfield code="a">(NLR Aleph) 006928540</subfield>
  </datafield>
  <datafield tag="090" ind1=" " ind2=" ">
    <subfield code="a">7522729</subfield>
    <subfield code="c">7522729</subfield>
  </datafield>
  <datafield tag="100" ind1=" " ind2=" ">
    <subfield code="a">20110915d1936    |||y0rusy50      ca</subfield>
  </datafield>
  <datafield tag="101" ind1="0" ind2=" ">
    <subfield code="a">rus</subfield>
  </datafield>
  <datafield tag="102" ind1=" " ind2=" ">
    <subfield code="a">RU</subfield>
  </datafield>
  <datafield tag="105" ind1=" " ind2=" ">
    <subfield code="a">a   z   |||||</subfield>
  </datafield>
  <datafield tag="200" ind1="1" ind2=" ">
    <subfield code="a">&#x426;&#x435;&#x43F;&#x43D;&#x43E;-&#x434;&#x43E;&#x43B;&#x431;&#x435;&#x436;&#x43D;&#x44B;&#x439; &#x441;&#x442;&#x430;&#x43D;&#x43E;&#x43A; &#x441; &#x43C;&#x435;&#x445;&#x430;&#x43D;&#x438;&#x447;&#x435;&#x441;&#x43A;&#x43E;&#x439; &#x43F;&#x43E;&#x434;&#x430;&#x447;&#x435;&#x439;, &#x435;&#x433;&#x43E; &#x438;&#x441;&#x43F;&#x44B;&#x442;&#x430;&#x43D;&#x438;&#x435; &#x438; &#x440;&#x430;&#x431;&#x43E;&#x442;&#x430; &#x43D;&#x430; &#x43D;&#x435;&#x43C;</subfield>
    <subfield code="f">&#x421;&#x442;. &#x43D;&#x430;&#x443;&#x447;. &#x441;&#x43E;&#x442;&#x440;&#x443;&#x434;&#x43D;&#x438;&#x43A; &#x424;. &#x41D;. &#x41C;&#x430;&#x441;&#x43B;&#x435;&#x43D;&#x43A;&#x43E;&#x432;, &#x421;. &#x421;. &#x41B;&#x443;&#x433;&#x430;&#x440;&#x435;&#x432;</subfield>
    <subfield code="g">&#x426;&#x435;&#x43D;&#x442;&#x440;. &#x43D;&#x430;&#x443;&#x447;.-&#x438;&#x441;&#x441;&#x43B;. &#x438;&#x43D;-&#x442; &#x43C;&#x435;&#x445;&#x430;&#x43D;&#x438;&#x447;. &#x43E;&#x431;&#x440;&#x430;&#x431;&#x43E;&#x442;&#x43A;&#x438; &#x434;&#x435;&#x440;&#x435;&#x432;&#x430; "&#x426;&#x41D;&#x418;&#x418;&#x41C;&#x41E;&#x414;"</subfield>
  </datafield>
  <datafield tag="210" ind1=" " ind2=" ">
    <subfield code="a">&#x41C;&#x43E;&#x441;&#x43A;&#x432;&#x430;</subfield>
    <subfield code="c">&#x413;&#x43E;&#x441;&#x43B;&#x435;&#x441;&#x43E;&#x442;&#x435;&#x445;&#x438;&#x437;&#x434;&#x430;&#x442;</subfield>
    <subfield code="d">1936</subfield>
    <subfield code="e">[&#x41A;&#x430;&#x43B;&#x443;&#x433;&#x430;]</subfield>
    <subfield code="g">&#x442;&#x438;&#x43F;. &#x41C;&#x43E;&#x441;&#x43E;&#x431;&#x43B;&#x43F;&#x43E;&#x43B;&#x438;&#x433;&#x440;&#x430;&#x444;&#x430;</subfield>
  </datafield>
  <datafield tag="215" ind1=" " ind2=" ">
    <subfield code="a">&#x41E;&#x431;&#x43B;., 42, [2] &#x441;.</subfield>
    <subfield code="c">&#x438;&#x43B;.</subfield>
    <subfield code="d">23&#x445;15 &#x441;&#x43C;.</subfield>
  </datafield>
  <datafield tag="700" ind1=" " ind2="1">
    <subfield code="a">&#x41C;&#x430;&#x441;&#x43B;&#x435;&#x43D;&#x43A;&#x43E;&#x432;</subfield>
    <subfield code="b">&#x424;.&#x41D;.</subfield>
    <subfield code="g">&#x424;&#x435;&#x434;&#x43E;&#x440; &#x41D;&#x438;&#x43A;&#x43E;&#x43B;&#x430;&#x435;&#x432;&#x438;&#x447;</subfield>
  </datafield>
  <datafield tag="701" ind1=" " ind2="1">
    <subfield code="a">&#x41B;&#x443;&#x433;&#x430;&#x440;&#x435;&#x432;</subfield>
    <subfield code="b">&#x421;.&#x421;.</subfield>
  </datafield>
  <datafield tag="801" ind1=" " ind2="0">
    <subfield code="a">RU</subfield>
    <subfield code="b">NLR</subfield>
    <subfield code="g">psbo</subfield>
  </datafield>
  <datafield tag="801" ind1=" " ind2="1">
    <subfield code="a">RU</subfield>
    <subfield code="b">ELAR</subfield>
    <subfield code="2">rusmarc</subfield>
  </datafield>
  <datafield tag="852" ind1=" " ind2=" ">
    <subfield code="a">NLR</subfield>
    <subfield code="j">36-11/1869</subfield>
  </datafield>
  <datafield tag="942" ind1=" " ind2=" ">
    <subfield code="c">BOOK</subfield>
  </datafield>
  <datafield tag="980" ind1=" " ind2=" ">
    <subfield code="a">NB</subfield>
  </datafield>
  <datafield tag="995" ind1=" " ind2=" ">
    <subfield code="5">2013-10-26</subfield>
    <subfield code="b">NLR02</subfield>
    <subfield code="c">NLR02</subfield>
    <subfield code="e">RFS</subfield>
    <subfield code="f">6928540-10</subfield>
    <subfield code="k">36-11/1869</subfield>
    <subfield code="o">0</subfield>
    <subfield code="r">BOOK</subfield>
    <subfield code="s">36111869_</subfield>
  </datafield>
</record>
